MDQL
is popping MORE tags! Check the
thread
!
Quizzes
Events
Quiz Creation
Community
Videos
Private Events
Remove Ads
Sign In
Join for FREE
Feedback
Dark Mode
Quiz Categories
Sports
Geography
Music
Movies
Television
Just For Fun
Miscellaneous
History
Literature
Language
Science
Gaming
Entertainment
Religion
Holiday
For Kids
Quiz Lab
Recent
Popular Today
Quiz Kudos Today
Editor Picks
Curator Picks
Quizzes by...
Day
Popularity
Type
Ratings
Length
Year
Community
Subscriptions
Recent Discussions
Orange Saloon
Badges
Playlists
Quests
Create
Leaderboards
Showdown
Live 5
Trivia Bingo
Activity
Puzzle Library
Sporcle Events
Private Events
Virtual Trivia
Globe League
Become a Host
Pub Owners
SporcleCon
Opinionation
Our Games
Videos
Blog
Mobile Apps
Partnerships
Remove Ads and Go Orange
Feedback
Sports
Athletes
MLB
NBA
NHL
NFL
Soccer
Sports Teams
WWE
NCAA
Football
Premier League
Basketball
Baseball
Hockey
Golf
Tennis
Cricket
Rugby
Auto Racing
Olympics
World Cup
Sports
Athletes
MLB
NBA
NHL
NFL
Soccer
Sports Teams
WWE
NCAA
Football
Premier League
Basketball
Baseball
Hockey
Golf
Tennis
Cricket
Rugby
Auto Racing
Olympics
World Cup
Random Quiz
Search Sporcle
×
Quiz Lab
Quiz Lab
Sports
Basketball
Type in answers that appear in a list
Type in answers that appear in a list
Classic
Best Score? Go Orange.
NBA All-Star MVPs Stats
Can you name the NBA All-Star MVPs(remember Co Mvps)?
By
yodaman69
6m
63 Questions
4,629 Plays
4,629 Plays
4,629 Plays
Comments
Comments
Give Quiz Kudos
Give Quiz Kudos
-
- Ratings
hide this ad
More Info
Replay
Link that replays current quiz
Next Quiz
Link to next quiz in quiz playlist
You Got
0%
They Got
Avg Score
64%
Avg Friend Score
Upgrade to see
Score Distribution
Jump to the score distribution portion of the page
Score
0/63
Timer
06:00
1
Play Today
YEAR
MVP
% Correct
2009*
Kobe Bryant
97.4%
2007
Kobe Bryant
97.3%
2002
Kobe Bryant
97.3%
2008
Lebron James
96.7%
2006
Lebron James
96.7%
2010
Dwyane Wade
96%
1996
Michael Jordan
94.9%
1998
Michael Jordan
94.9%
1988
Michael Jordan
94.9%
2009*
Shaquille O'neal
94.4%
2000*
Shaquille O'Neal
94.4%
2004
Shaquille O'neal
94.4%
2005
Allen Iverson
92.9%
2001
Allen Iverson
92.9%
2000*
Tim Duncan
92.8%
1992
Earvin 'Magic' Johnson
91.3%
1990
Earvin 'Magic' Johnson
91.3%
2003
Kevin Garnett
91.1%
1993*
Karl Malone
90.5%
1989
Karl Malone
90.4%
1993*
John Stockton
88.1%
1994
Scottie Pippen
88%
1982
Larry Bird
87.9%
1986
Isiah Thomas
79.9%
1984
Isiah Thomas
79.9%
1963
Bill Russell
76.4%
1960
Wilt Chamberlain
76.4%
1977
Julius Erving
75.7%
1983
Julius Erving
75.6%
1969
Oscar Robertson
68.2%
1964
Oscar Robertson
68.2%
1961
Oscar Robertson
68.2%
YEAR
MVP
% Correct
1991
Charles Barkley
65.4%
1957
Bob Cousy
64.5%
1954
Bob Cousy
64.5%
1972
Jerry West
63.2%
1980
George Gervin
62.4%
1962
Bob Pettit
57.5%
1959*
Bob Pettit
57.5%
1958
Bob Pettit
57.5%
1956
Bob Pettit
57.5%
1970
Willis Reed
53.4%
1953
George Mikan
52.4%
1975
Walt Frazier
51.2%
1997
Glen Rice
49.2%
1995
Mitch Richmond
48.2%
1959*
Elgin Baylor
45.7%
1985
Ralph Sampson
44%
1973
Dave Cowens
39.3%
1967
Rick Barry
38.2%
1981
Nate Archibald
35.7%
1979
David Thompson
33.2%
1974
Bob Lanier
28.6%
1987
Tom Chambers
25.9%
1968
Hal Greer
25.4%
1976
Dave Bing
25.3%
1966
Adrian Smith
22.9%
1978
Randy Smith
22.9%
1952
Paul Arizin
22.9%
1965
Jerry Lucas
21.8%
1955
Bill Sharman
21%
1971
Lenny Wilkens
16.7%
1951
Ed Macauley
12%
Quiz Playlist
Details
Report
Send in Message
Add To Playlist
More Info:
Years followed by a star (E.G.2000*) are indicating a year with two MVPs
Classic:
Type in answers that appear in a list
Quiz Source
Last Updated: Feb 16, 2017
Quiz Scoreboard
CHALLENGE
Sign Up to Join the Scoreboard
Show All
Scores
Hide
Comments
May contain spoilers
Recently Published
Street Fighter Characters
by Artimus82
Gaming
60s
9x9 Crossword: Cartoon Network
by jackfrog10
Miscellaneous
3m
College Basketball Coaching Resumes
by pancakes188
Sports
9m
More to Explore
Quiz From the Vault
Featured Blog Post
Where Did the Easter Bunny Come From?
hide this ad
You Might Also Like...
Tags
Athletes Quiz
Basketball Quiz
NBA Quiz
All-Star
All Time
MVP
MVP Winners
name
NBA All-Star
Today's Top Quizzes in Sports
Browse Sports
hide this ad
Today's Top Quizzes in Basketball
Browse Basketball
Top Contributed Quizzes in Sports
1
2022 World Cup Stars
2
Les meilleurs buteurs des matchs entre le PSG et l’OM
3
FIFA Club World Cup Champions
4
Les entraîneurs de l'OM et du PSG au 21e siècle
5
Criteria MLB: Left Handed Sluggers
6
2023 MLB Unique Player Accomplishments
7
AFC Teams Reveal (Wrong Answers Minefield)
8
5-to-1: FBS Animal Nicknames
9
Players with Multiple 50 Home Run Seasons
10
5-to-1: UK Sports Teams
Explore More
Trending Topics
Harry Potter
Disney
Crossword
Anime
Marvel
Kpop
NBA
Soccer
Country
Pokémon
NFL
Puzzle
WWE
The Office
Song
hide this ad
More By:
yodaman69
Quiz
Plays
Rating
Category
Featured
Created
Top 5 QB Passer Ratings of the 2000's
7,555
4.42
Sports
Oct 2, 2010
The Larry Bird Quiz
5,592
2.64
Sports
Oct 10, 2010
NBA All-Star MVPs
4,629
3.88
Sports
Oct 30, 2010
NFL Teams by Coaches
2,727
4.10
Sports
Nov 13, 2010
Prank Call Names (Funny)
1,223
3.00
Just For Fun
Nov 27, 2010
Go to Creator's Profile
Score Distribution
Quiz Creator Spotlight
yodaman69
Follow
Send a Message
Quizzes Created
-
Created Quiz Play Count
-
More By This Creator
Popular Quizzes Today
1
Find the US States - No Outlines Minefield
2
Find the Countries of Europe - No Outlines Minefield
3
The Countries of the World
4
Find the US States
5
Risky Map Clicking: Biggest States A-Z
6
US States
7
Popular People in 1961
8
Movies - When Are They Set?
More Sports Quizzes
Sporcle Stats: Big 4 Teams with No 'S'
Quiz Lab
Trending Quizzes
Risky Map Clicking: Least Populous States A-Z
Countries of the World: 200 Million BC
1-10 Letter G Words
Risky Map Clicking: Next State Alphabetically
Adjectives in 80s TV Shows
Recently Updated
Leaping Animals
pecheneg
Reality TV Shows (A-Z)
bhenderson79
Rickey Henderson's Hall of Fame Teammates
pecheneg
Champions League XIs: Arsenal
pecheneg
Quick Pick: Celebrities in WWE's Hall of Fame
aduchscher
A-Z Keypad Blitz II
pecheneg
Multiple Oscar Actors
pecheneg
Mystery Phrase Blitz: Oscar 'Best Actors'
pecheneg
F. Scott Fitzgerald Novels
LTH
Pick 3 Villains
ddd62291
Trending Topics
Marvel
NBA
Disney
Harry Potter
Anime
Crossword
Kpop
The Office
NFL
Country
Puzzle
Song
Pokémon
Soccer
WWE
Your Account Isn't Verified!
In order to create a playlist on Sporcle, you need to verify the email address you used during registration. Go to your
Sporcle Settings
to finish the process.
Report this User
Report this user for behavior that violates our
Community Guidelines
.
Details:
Send Report
Go to the Sporcle.com Mobile Site →
Comments